The bussiness writer's handbook
Gespeichert in:
| 1. Verfasser: | |
|---|---|
| Format: | Buch |
| Sprache: | Undetermined |
| Veröffentlicht: |
Tp. HCM
Thống Kê
2002
|
| Schlagworte: | |
| Tags: |
Tag hinzufügen
Keine Tags, Fügen Sie den ersten Tag hinzu!
|
| Thư viện lưu trữ: | Trung tâm Học liệu Trường Đại học Cần Thơ |
|---|
| LEADER | 00510nam a2200181Ia 4500 | ||
|---|---|---|---|
| 001 | CTU_50678 | ||
| 008 | 210402s9999 xx 000 0 und d | ||
| 082 | |a 808.06665 | ||
| 082 | |b A459 | ||
| 100 | |a GERALD J ALRED | ||
| 245 | 4 | |a The bussiness writer's handbook | |
| 245 | 0 | |c GERALD J ALRED; Charles T. Brusaw; Walter E. Oliu | |
| 260 | |a Tp. HCM | ||
| 260 | |b Thống Kê | ||
| 260 | |c 2002 | ||
| 650 | |a english language | ||
| 650 | |x rhetoric | ||
| 980 | |a Trung tâm Học liệu Trường Đại học Cần Thơ | ||